Nüvə silahına sahib olan ölkələr - Statistics

General Stats
  • This quiz has been taken 24 times
  • The average score is 7 of 9
Answer Stats
Ölkə % Correct
ABŞ
100%
Çin
100%
Fransa
95%
Rusiya
95%
Hindistan
76%
Pakistan
76%
Birləşmiş Krallıq
71%
İsrail
67%
Şimali Koreya
67%
No matching quizzes found
Score Distribution
Percent of People with Each Score
Percentile by Number Answered
Your Score History
You have not taken this quiz